Blame culture set to end (Record no. 69441)

MARC details
000 -LEADER
fixed length control field 00819cam a2200193 4500
001 - CONTROL NUMBER
control field WB3805-23
008 - FIXED-LENGTH DATA ELEMENTS--GENERAL INFORMATION
fixed length control field 020206n2002 000 0 eng u
035 ## - SYSTEM CONTROL NUMBER
System control number (Sirsi) u116619
245 ## - TITLE STATEMENT
Title Blame culture set to end
260 ## - PUBLICATION, DISTRIBUTION, ETC.
Date of publication, distribution, etc. 2002
490 ## - SERIES STATEMENT
Series statement Contract Journal
Volume/sequential designation 412(6362) 30 January 2002, 3(1)
520 ## - SUMMARY, ETC.
Summary, etc. NHS Estates plans to test a new form of 'no blame' partnering, which brings together clients, designers, contractors and suppliers as shareholders in a 'virtual company'. The virtual company is so called because it is set up only for the duration of the project. This scheme has been developed by a Movement for Innovation working group.
590 ## - LOCAL NOTE (RLIN)
Local note WB
650 ## - SUBJECT ADDED ENTRY--TOPICAL TERM
Topical term or geographic name entry element COMPANY MANAGEMENT
650 ## - SUBJECT ADDED ENTRY--TOPICAL TERM
Topical term or geographic name entry element PARTNERING
650 ## - SUBJECT ADDED ENTRY--TOPICAL TERM
Topical term or geographic name entry element VIRTUAL COMPANIES
690 ## - LOCAL SUBJECT ADDED ENTRY--TOPICAL TERM (OCLC, RLIN)
Topical term or geographic name as entry element PROPERTY MANAGEMENT
9 (RLIN) 6262
942 ## - ADDED ENTRY ELEMENTS (KOHA)
Suppress in OPAC 0
Holdings
Withdrawn status Lost status Source of classification or shelving scheme Damaged status Not for loan Home library Current library Shelving location Date acquired Total Checkouts Full call number Barcode Date last seen Copy number Price effective from Koha item type
    Dewey Decimal Classification     London London News article 06/02/2002   WB3805-23 116619-1001 06/08/2019 1 06/08/2019 News article